000
00312nam a2200133Ia 4500
008
220216s9999 xx 000 0 und d
100
_a
Krishnakumar R
245
0
_a
Varalchayum rubber krishiyum
260
_b
Rubber
_c
2010
300
_a
17-19
700
_a
Annamalainathan K
700
_a
Jacob J
942
_c
BS
999
_c
51982
_d
51982